01155nam a2200301Ia 4500001001200000003000800012006001900020007001500039008004100054010001700095020001800112020001500130040002100145035002100166050002300187100002100210245006100231260007700292300001700369504006500386533015200451650002200603650003500625650002100660655002900681710001700710856012600727ebr10274610CaPaEBRm u cr cn|||||||||960605s1997 enk sb 001 0 eng d z 96021021  z9780198235408 z0198235402 aCaPaEBRcCaPaEBR a(OCoLC)66689963714aBD450b.C29 1997eb1 aCassam, Quassim.10aSelf and worldh[electronic resource] /cQuassim Cassam. aOxford :bClarendon Press ;aNew York :bOxford University Press,c1997. aviii, 208 p. aIncludes bibliographical references(p. [199]-203) and index. aElectronic reproduction.bPalo Alto, Calif. :cebrary,d2009.nAvailable via World Wide Web.nAccess may be limited to ebrary affiliated libraries. 0aSelf (Philosophy) 0aSelf-consciousness (Awareness) 0aSelf-perception. 7aElectronic books.2local2 aebrary, Inc.40uhttp://site.ebrary.com/lib/rucke/Doc?id=10274610zAn electronic book accessible through the World Wide Web; click to view